My life a memoir (Record no. 593326)

000 -LEADER
fixed length control field 00256nam a22001097a 4500
040 ## - CATALOGING SOURCE
Transcribing agency SCME
100 ## - MAIN ENTRY--PERSONAL NAME
Personal name Syed shujaat hussain
9 (RLIN) 1628
245 ## - TITLE STATEMENT
Title My life a memoir
260 ## - PUBLICATION, DISTRIBUTION, ETC.
Place of publication, distribution, etc. Islamabad
Name of publisher, distributor, etc. NUST Press,
Date of publication, distribution, etc. 2014
300 ## - PHYSICAL DESCRIPTION
Extent 263 p. ;
Dimensions 24 cm.
942 ## - ADDED ENTRY ELEMENTS (KOHA)
Source of classification or shelving scheme
Koha item type Book
Holdings
Withdrawn status Lost status Source of classification or shelving scheme Damaged status Not for loan Permanent Location Current Location Shelving location Date acquired Total Checkouts Full call number Barcode Date last seen Date last checked out Price effective from Koha item type
          School of Chemical & Materials Engineering (SCME) School of Chemical & Materials Engineering (SCME) Book Cart 02/16/2023 1 866.4 H968M SCME-D268 02/29/2024 09/15/2023 02/16/2023 Book
© 2023 Central Library, National University of Sciences and Technology. All Rights Reserved.